000
00262nam a2200109Ia 4500
008
220214s9999 xx 000 0 und d
100
_a
Ranganatha Sastry KN
245
0
_a
Features of watershed
260
_b
Plant Hortitech
_c
2000
300
_a
43-49
942
_c
RE
999
_c
45773
_d
45773